| 000 | 01050nam0a22002651 4500 | ||
|---|---|---|---|
| 001 | rc\2355063 | ||
| 005 | 20260408002042.0 | ||
| 035 | _a(NLR Aleph) 006592891 | ||
| 090 |
_a7165335 _c7165335 |
||
| 100 | _a20110829d1977 |||y0rusy50 ca | ||
| 101 | 0 | _arus | |
| 102 | _aRU | ||
| 105 | _ay z ||||| | ||
| 200 | 1 |
_aПригласительный билет и тезисы докладов _fЦентр. госпиталь МВД СССР |
|
| 210 |
_a[Москва _cБ. и. _d1977] |
||
| 215 |
_a29 с. _d20 |
||
| 225 | 1 |
_a35 лет _fIII Науч.-практ. конф. по избр. вопросам пульмонологии. Москва. 16 июня 1977 г. |
|
| 333 | _aДСП. Экз. № 4 | ||
| 710 | 1 | 2 |
_aНаучно-практическая конференция по избранным вопросам пульмонологии _d3 _f1977 _eМосква _3RU\NLR\AUTH\8810166400 _9828756 |
| 801 | 0 |
_aRU _bNLR _gpsbo |
|
| 801 | 1 |
_aRU _bELAR _2rusmarc |
|
| 852 |
_aNLR _j77-50к/2908 |
||
| 899 |
_aRuMoRGB _jСХ |
||
| 942 | _cBOOK | ||
| 980 | _aNB | ||